| 000 | 00731nam a2200265Ia 4500 | ||
|---|---|---|---|
| 001 | 4959 | ||
| 005 | 20240113233810.0 | ||
| 007 | ta | ||
| 008 | 050616s1997 a g b000 u hin u | ||
| 020 | _cRs.395.00 (HB) | ||
| 040 | _aCotton College Assam | ||
| 041 | _ahin | ||
| 082 |
_a891.43109 _bPr 886 Ta |
||
| 100 | _aPrasad, Rajendra. | ||
| 245 | 0 |
_aTarsaptak Ke Kaviyon Ki Samaj-Chetna / _cRajendra Prasad. _hTextual Documents |
|
| 250 | _a2nd ed. / | ||
| 260 |
_aGuwahati : _bBani Prakash Pvt Ltd , _c1997. |
||
| 300 |
_a373p. : _bill. ; _c21cm . |
||
| 365 | _aRs.395.00 | ||
| 653 | _aHindi poetry-Criticism | ||
| 653 | _aGen-Hindi | ||
| 942 |
_2ddc _cBK |
||
| 999 |
_c4946 _d4946 |
||